Global journalism : (Record no. 15624)
[ view plain ]
| 000 -LEADER | |
|---|---|
| fixed length control field | 01108cam a22002894a 4500 |
| 001 - CONTROL NUMBER | |
| control field | 15301923 |
| 005 - DATE AND TIME OF LATEST TRANSACTION | |
| control field | 20170105102922.0 |
| 008 - FIXED-LENGTH DATA ELEMENTS--GENERAL INFORMATION | |
| fixed length control field | 080522s2009 maub b 001 0 eng |
| 010 ## - LIBRARY OF CONGRESS CONTROL NUMBER | |
| LC control number | 2008022185 |
| 020 ## - INTERNATIONAL STANDARD BOOK NUMBER | |
| International Standard Book Number | 9780205608119 |
| 020 ## - INTERNATIONAL STANDARD BOOK NUMBER | |
| International Standard Book Number | 0205608116 |
| 040 ## - CATALOGING SOURCE | |
| Original cataloging agency | DLC |
| Transcribing agency | DLC |
| Modifying agency | DLC |
| 050 00 - LIBRARY OF CONGRESS CALL NUMBER | |
| Classification number | PN4775 |
| Item number | .G56 2009 |
| 082 00 - DEWEY DECIMAL CLASSIFICATION NUMBER | |
| Classification number | 070.4 |
| Edition number | 22 |
| 245 00 - TITLE STATEMENT | |
| Title | Global journalism : |
| Remainder of title | topical issues and media systems / |
| Statement of responsibility, etc. | edited by Arnold S. de Beer, preface byJohn C. Merrill. |
| 250 ## - EDITION STATEMENT | |
| Edition statement | 5th ed. |
| 260 ## - PUBLICATION, DISTRIBUTION, ETC. | |
| Place of publication, distribution, etc. | Boston : |
| Name of publisher, distributor, etc. | Pearson, Allyn and Bacon, |
| Date of publication, distribution, etc. | 2009. |
| 300 ## - PHYSICAL DESCRIPTION | |
| Extent | xxii, 482 p. : |
| Other physical details | maps ; |
| Dimensions | 24 cm. |
| 504 ## - BIBLIOGRAPHY, ETC. NOTE | |
| Bibliography, etc. note | Includes bibliographical references and index. |
| 650 #0 - SUBJECT ADDED ENTRY--TOPICAL TERM | |
| Topical term or geographic name entry element | Journalism. |
| 700 1# - ADDED ENTRY--PERSONAL NAME | |
| Personal name | De Beer, A. S. |
| Fuller form of name | (Arrie) |
| 700 1# - ADDED ENTRY--PERSONAL NAME | |
| Personal name | Merrill, John Calhoun, |
| Dates associated with a name | 1924- |
| 856 41 - ELECTRONIC LOCATION AND ACCESS | |
| Materials specified | Table of contents only |
| Uniform Resource Identifier | <a href="http://www.loc.gov/catdir/toc/ecip0818/2008022185.html">http://www.loc.gov/catdir/toc/ecip0818/2008022185.html</a> |
| 906 ## - LOCAL DATA ELEMENT F, LDF (RLIN) | |
| a | 7 |
| b | cbc |
| c | orignew |
| d | 1 |
| e | ecip |
| f | 20 |
| g | y-gencatlg |
| 942 ## - ADDED ENTRY ELEMENTS (KOHA) | |
| Source of classification or shelving scheme | |
| Koha item type | Book |
| Withdrawn status | Lost status | Damaged status | Not for loan | Collection code | Permanent Location | Current Location | Shelving location | Date acquired | Total Checkouts | Full call number | Barcode | Date last seen | Price effective from | Koha item type |
|---|---|---|---|---|---|---|---|---|---|---|---|---|---|---|
| Centre for International Peace & Stability (CIPS) | Centre for International Peace & Stability (CIPS) | General Stacks | 09/30/2013 | 070.4 GLO 2009 | CIPS0001267 | 12/06/2013 | 12/06/2013 | Book |
